Les coéquipiers français de De Bruyne - Statistiques

Statistiques générales
  • Ce quiz a été pris 67 fois
  • Le résultat moyen est 3 sur 6
Statistiques - réponses
Équipe Poste Temps de jeu (en minutes) Joueur % Correct
Manchester City Défenseur 3 359 Benjamin Mendy
81%
Manchester City Défenseur 2 452 Eliaquim Mangala
70%
Manchester City Défenseur 3 522 Gaël Clichy
69%
Manchester City Défenseur 3 949 Bacary Sagna
56%
Wolfsburg Milieu 2 925 Josuha Guilavogui
41%
Genk Attaquant 394 Moussa Koita
0%
Aucun quiz correspondant
Distribution des résultats
% des personnes avec chaque résultat
Percentile par nombre de réponses
Votre historique - résultats
Vous n’avez pas pris ce quiz